Cơ sở thiết kế máy
Bewaard in:
| Hoofdauteur: | |
|---|---|
| Formaat: | Boek |
| Taal: | Undetermined |
| Gepubliceerd in: |
TP. HCM
ĐHQG
2003
|
| Onderwerpen: | |
| Tags: |
Voeg label toe
Geen labels, Wees de eerste die dit record labelt!
|
| Thư viện lưu trữ: | Trung tâm Học liệu Trường Đại học Cần Thơ |
|---|
| LEADER | 00510nam a2200181Ia 4500 | ||
|---|---|---|---|
| 001 | CTU_56855 | ||
| 008 | 210402s9999 xx 000 0 und d | ||
| 020 | |b 25000 | ||
| 082 | |a 621.8 | ||
| 082 | |b L452/P2 | ||
| 100 | |a Nguyễn Hữu Lộc | ||
| 245 | 0 | |a Cơ sở thiết kế máy | |
| 245 | 0 | |c Nguyễn Hữu Lộc | |
| 260 | |a TP. HCM | ||
| 260 | |b ĐHQG | ||
| 260 | |c 2003 | ||
| 650 | |a machine design,mechanical engineering | ||
| 980 | |a Trung tâm Học liệu Trường Đại học Cần Thơ | ||